| 000 | 00544nam a2200205Ia 4500 | ||
|---|---|---|---|
| 005 | 20250923145947.0 | ||
| 008 | 008 250917s9999 xx 000 0 eng d | ||
| 037 | _aTextual | ||
| 040 |
_aDSWL _beng _cDSWL |
||
| 041 |
_aeng _2eng |
||
| 084 |
_aY8x2, N96 _qDSWL |
||
| 245 | 0 |
_aSocial Structure and Change _cEd. by A.M. Shah |
|
| 260 |
_aNew Delhi _bSage Publication _c1996 |
||
| 300 | _a286 p. | ||
| 365 |
_aINR _b325.00 |
||
| 490 | _vVol. III | ||
| 925 | _g325.00 | ||
| 942 |
_cTEXL _hY8x2, N96 |
||
| 999 |
_c1457851 _d1457851 |
||